Filosofía del derecho o derecho natural: dispuesto para servir de introducción a las ciencias legales
Gespeichert in:
| 1. Verfasser: | |
|---|---|
| Format: | Buch |
| Sprache: | Spanisch |
| Veröffentlicht: |
Santiago
Jurídica de Chile
1888
|
| Ausgabe: | 2a. ed |
| Schlagworte: | |
| Tags: |
Tag hinzufügen
Keine Tags, Fügen Sie den ersten Tag hinzu!
|
MARC
| LEADER | 00000nam a2200000 a 4500 | ||
|---|---|---|---|
| 001 | UCL1056 | ||
| 003 | CL-VaPUC | ||
| 008 | 030829e18880000CL |||||||||||||||||spa|d | ||
| 082 | 0 | 4 | |a 340.1 |b FER |2 21 |
| 100 | |a Fernández Concha, Rafael |e autor |9 438234 | ||
| 245 | 1 | 0 | |a Filosofía del derecho o derecho natural: dispuesto para servir de introducción a las ciencias legales |
| 250 | |a 2a. ed | ||
| 300 | |a v | ||
| 942 | |c BK | ||
| 945 | |d 20030829 00:00:00 |a cmena | ||
| 260 | |a Santiago |b Jurídica de Chile |c 1888 | ||
| 650 | 7 | |a DERECHO |2 CL-VaPUC |9 477848 | |
| 650 | 0 | |a Teoría jurídica |9 345880 | |
| 650 | 0 | |a Justicia |9 255408 | |
| 650 | 0 | |a Ética |9 255099 | |
| 650 | 0 | |a Conceptos morales |9 310606 | |
| 583 | |a last modification |c 20030829 00:00:00 |k Rodrigo Vera | ||
| 999 | |c 304738 |d 304736 | ||
| 952 | |0 0 |1 0 |4 0 |6 340_100000000000000_FER_1888 |7 0 |8 DER_HDC |9 367446 |a BIBDER |b BIBDER |d 2019-11-21 |h v.2 |i 2040840 |o 340.1 FER 1888 |p 2040840 |r 2023-01-25 |w 2019-11-21 |x Ubicación 4to Piso |y BK_X |z Estos recursos deben solicitarse con anticipación |k DER | ||